01206cam a22002775a 45000010009000000050017000090080041000260100017000670200029000840200025001130400033001380820019001711000024001902450045002142600035002593000024002945040051003185200276003696500022006456500035006676510010007026530034007129420008007469990017007549520157007711855456720161015124227.0150406s2016 enk frb 001 0 eng d a 2015003888 a9780415781275 (hardback) a9780415781282 (pbk.) aDLCbengcDLCdDLCdEG-ScBUE04a321.8bDIA2221 aDiamond, Larry Jay.10aIn search of democracy /cLarry Diamond. aAbingdon : bRoutledge,c2016. axv, 469 p. ;c24 cm aIncludes bibliographical references and index. aTakes stock of democratic progress in the world, reflects upon the causes of democratic difficulty in the world, and addresses some of the critical conditions for democratic success. This book analyzes democratic dilemmas and prospects in particular regions and countries 0aDemocracy.2BUEsh 0aComparative government.2BUEsh 2BUEsh bHHUUEENNbBUSBOLcOctober2016 2ddc c22577d22549 00102ddc40708AcademicaMAINbMAINc1STd2016-10-15ePurchaseg378.00h9130l6m26o321.8 DIAp000034064r2025-07-15 00:00:00s2021-07-04v472.50yBB